01007nam a2200253 a 450000100100000000500170001000800410002704000250006808200170009310000270011024501140013726000380025130000210028950400560031050400310036659000270039765000320042465000370045665000450049365000460053891000370058495201150062199900170073600002087420260520104306.0100820s2003 dr 000 0 spa d aDO-SdBNPbspacBNPHU a330.1bS237s1 aSantos, Gedeón9955710aSistemas mundiales en crisis :bdel colapso de la URSS a la crisis del capitalismo global /cGedeón Global. aSanto Domingo :bImpretur,c2003. a201 p. ;c21 cm. aIncluye bibliografía y notas al pie de páginas. aBibliografía: p.197-201. aInventariado, 2018/ YL 4aSistemas económicos97422 0aRelaciones internacionales 9399 4aPolítica internacionalySIGLO XX92253 4aEconomía internacionalySIGLO XX943748 aValidado. Control de calidad EMS 0010718PDaPDbPDcHDd2010-08-20iLF1l0o330.1 S237sp20874-10r2020-06-25w2020-06-25yLFPDZNo se presta c20377d20377